The elements of church discipline : (Record no. 10303)
[ view plain ]
| 000 -LEADER | |
|---|---|
| fixed length control field | 00603nam a22001817a 4500 |
| 003 - CONTROL NUMBER IDENTIFIER | |
| control field | GBCCL |
| 005 - DATE AND TIME OF LATEST TRANSACTION | |
| control field | 20241126110729.0 |
| 008 - FIXED-LENGTH DATA ELEMENTS--GENERAL INFORMATION | |
| fixed length control field | 240605b ||||| |||| 00| 0 eng d |
| 040 ## - CATALOGING SOURCE | |
| Transcribing agency | GBC |
| 082 ## - DEWEY DECIMAL CLASSIFICATION NUMBER | |
| Classification number | 226.2007 |
| Item number | MAC |
| 100 ## - MAIN ENTRY--PERSONAL NAME | |
| Personal name | MacArthur, John |
| 9 (RLIN) | 8028 |
| 245 ## - TITLE STATEMENT | |
| Title | The elements of church discipline : |
| Remainder of title | study notes, Matthew 18:15-35 / |
| Statement of responsibility, etc. | John MacArthur |
| 260 ## - PUBLICATION, DISTRIBUTION, ETC. | |
| Place of publication, distribution, etc. | Panorama City, Ca., |
| Name of publisher, distributor, etc. | Word of Grace Communications, |
| Date of publication, distribution, etc. | ©1984 |
| 300 ## - PHYSICAL DESCRIPTION | |
| Extent | 105 pages ; |
| Dimensions | 22 cm |
| 650 ## - SUBJECT ADDED ENTRY--TOPICAL TERM | |
| Topical term or geographic name entry element | Bible. |
| Form subdivision | Matthew 18 |
| General subdivision | Criticism, interpretation, etc |
| 9 (RLIN) | 17896 |
| 650 ## - SUBJECT ADDED ENTRY--TOPICAL TERM | |
| Topical term or geographic name entry element | Church discipline |
| 9 (RLIN) | 2628 |
| 942 ## - ADDED ENTRY ELEMENTS (KOHA) | |
| Source of classification or shelving scheme | Dewey Decimal Classification |
| Koha item type | Books |
| Koha issues (borrowed), all copies | 1 |
| Withdrawn status | Lost status | Source of classification or shelving scheme | Damaged status | Not for loan | Home library | Current Library | Shelving location | Date acquired | Total checkouts | Full call number | Barcode | Date last seen | Date last checked out | Copy number | Price effective from | Koha item type |
|---|---|---|---|---|---|---|---|---|---|---|---|---|---|---|---|---|
| Dewey Decimal Classification | GRACE BIBLE COLLEGE | GRACE BIBLE COLLEGE | Biblical Studies | 2024-06-05 | 3 | 226.2007 MAC | 020074 | 2025-05-01 | 2025-03-04 | c.1 | 2024-06-05 | Books |